Disney Princesses Anagrams - Statistics

General Stats
  • This quiz has been taken 150 times
  • The average score is 13 of 14
Answer Stats
Anagram Disney Princess % Correct
nnaa Anna
100%
eebll Belle
97%
lsae Elsa
97%
cdllaeerni Cinderella
96%
enijmsa Jasmine
96%
laire Ariel
95%
aaorru Aurora
95%
aderim Merida
94%
aanom Moana
93%
umlna Mulan
91%
aanit Tiana
91%
chantsapo Pocahontas
89%
zunlarpe Rapunzel
82%
wshteiwon Snow White
68%
No matching quizzes found
Score Distribution
Percent of People with Each Score
Percentile by Number Answered
Your Score History
You have not taken this quiz